Statistics for U.S. National Parks

Click here to take the quiz!

General Stats

  • This quiz has been taken 217 times
  • The average score is 29 of 58

Answer Stats

HintAnswer% Correct
AAcadia
86%
YYellowstone
81%
ZZion
81%
Yosemite
79%
EEverglades
78%
Grand Canyon
75%
Denali
74%
Arches
73%
JJoshua Tree
72%
BBadlands
71%
Glacier
70%
OOlympic
66%
Big Bend
65%
RRedwood
65%
DDeath Valley
63%
Sequoia
61%
Bryce Canyon
57%
CCanyonlands
57%
Crater Lake
57%
Grand Teton
57%
Rocky Mountains
56%
Great Smoky Mountains
55%
IIsle Royale
54%
Hawaii Volcanoes
49%
Kings Canyon
49%
MMammoth Cave
48%
Shenandoah
48%
Dry Tortugas
47%
Cuyahoga Valley
46%
Hot Springs
46%
TTheodore Roosevelt
46%
Black Canyon
44%
Channel Islands
44%
Mount Rainier
44%
Biscayne
43%
Capitol Reef
43%
Congaree
43%
Glacier Bay
41%
Great Sand Dunes
41%
Mesa Verde
41%
PPetrified Forest
40%
Pinnacles
39%
WWind Cave
39%
NNorth Cascades
38%
Voyageurs
38%
GGates of the Arctic
36%
HHaleakala
36%
KKatmai
35%
Lassen Volcanic
35%
Great Basin
34%
Kenai Fjords
34%
SSaguaro
33%
American Samoa
32%
Wrangell-St. Elias
31%
Kobuk Valley
26%
LLake Clark
26%
Guadalupe Mountains
25%
VVirgin Island
24%

Score Distribution

Percentile by Number Answered

Percent of People with Each Score

Your Score History

You have not taken this quiz